000 01458cam a2200349 i 4500
001 25833
003 Mx-PuUPA
005 20250721140655.0
008 140415s2015 mx ad gr 000 0 spa d
020 _a9786070269950
_qrústica
020 _a9786070269875
_qcolección rústica
040 _aMx-PuUPA
_bspa
_cMx-PuUPA
_dMx-PuUPA
_erda
041 0 _aspa
043 _an-mx---
100 1 _aGaleana de Valadés, Patricia,
_d1946-
_9220
_eautor
245 1 0 _aGéneros asimétricos :
_bRepresentaciones y percepciones del imaginario colectivo /
_cPatricia Galeana de Valadés, Patricia Vargas Becerra
246 1 3 _aGéneros asimétricos. Representaciones y percepciones del imaginario colectivo :
_bencuesta Nacional del Género
250 _aPrimera edición /
_bagosto
264 1 _aMéxico, D.F. :
_bUniversidad Nacional Autónoma de México,
_c2015
300 _a218 páginas :
_bilustraciones, gráficas ;
_c23 cm
336 _2rdacontent
_atexto
_btxt
337 _2rdamedia
_asin medio
_bn
338 _2rdacarrier
_avolumen
_bnc
490 0 _aLos mexicanos vistos por sí mismos. Los grandes temas nacionales ;
_v8
650 7 _2armarc
_aRoles sexuales
_zMéxico
651 4 _aMéxico
_xCondiciones sociales
700 1 _aVargas Becerra, Patricia,
_eautor
942 _2ddc
_cLI
_h305.30972
_iG46
999 _c25833
_d25833